[Event "BEL-ch U16"]
[Site "Blankenberge"]
[Date "2015.04.15"]
[Round "5"]
[White "Condes Alexie, Sheen"]
[Black "Dellaert, Sander"]
[Result "0-1"]
[WhiteElo "991"]
[BlackElo "1686"]
[PlyCount "90"]
[EventDate "2015.04.12"]
[EventType "swiss"]
[EventRounds "9"]
[EventCountry "BEL"]
[SourceTitle "CBM 166 Extra"]
[Source "ChessBase"]
[SourceDate "2015.06.18"]
[SourceVersion "1"]
[SourceVersionDate "2015.06.18"]
[SourceQuality "1"]

1. e4 d6 2. d4 Nf6 3. Nc3 c6 4. Nf3 Bg4 5. Be3 Qa5 6. Bd3 d5 7. 0-0 dxe4 8. Nxe4 Nd5 9. c4 Nxe3 10. fxe3 g6 11. Qd2 Qxd2 12. Nexd2 Bg7 13. Rae1 0-0 14. b3 Na6 15. a3 Rad8 16. h3 Bc8 17. b4 c5 18. b5 Nc7 19. Nb3 cxd4 20. exd4 Ne6 21. d5 Nf4 22. Rd1 Nxd3 23. Rxd3 e5 24. Re3 Rfe8 25. Rfe1 f6 26. R3e2 Bf5 27. Nc5 b6 28. Ne4 Bc8 29. Ng3 a6 30. a4 Bb7 31. Rd1 Rc8 32. Rc1 Bxd5 33. Rec2 Bh6 34. Rd1 Bxc4 35. Ne4 Bb3 36. Nxf6+ Kf7 37. Nxe8 Rxc2 38. Nd6+ Ke6 39. bxa6 Rc7 40. Nb5 Be3+ 41. Kh1 Rc8 42. a7 Bxd1 43. Nc7+ Kd7 44. Nb5 Bf4 45. Ne1 Bxa4 0-1

[Event "BEL-ch U16"]
[Site "Blankenberge"]
[Date "2015.04.12"]
[Round "1"]
[White "Leboy, Robbe"]
[Black "Dellaert, Sander"]
[Result "0-1"]
[WhiteElo "1312"]
[BlackElo "1686"]
[PlyCount "74"]
[EventDate "2015.04.12"]
[EventType "swiss"]
[EventRounds "9"]
[EventCountry "BEL"]
[SourceTitle "CBM 166 Extra"]
[Source "ChessBase"]
[SourceDate "2015.06.18"]
[SourceVersion "1"]
[SourceVersionDate "2015.06.18"]
[SourceQuality "1"]

1. e4 d6 2. Nf3 Nf6 3. Nc3 g6 4. Bc4 Bg7 5. d3 Nc6 6. Be3 0-0 7. h3 Nd7 8. Qd2 Nde5 9. Nxe5 Nxe5 10. Bb3 Re8 11. d4 Nd7 12. 0-0-0 c6 13. Rhe1 b5 14. Ne2 Nb6 15. Bh6 a5 16. Qf4 e6 17. a3 a4 18. Ba2 Qe7 19. Bxg7 Kxg7 20. Ng3 Nd7 21. d5 e5 22. Qf3 c5 23. c4 b4 24. axb4 cxb4 25. Qg4 Kh8 26. Re3 Nc5 27. Qf3 b3 28. Bb1 a3 29. bxa3 Rxa3 30. Kd2 Ba6 31. Rc3 Rb8 32. Ke1 Na4 33. Rcc1 Nb2 34. Rd2 Nxc4 35. Rxc4 Bxc4 36. Qc3 Qc7 37. Bd3 Rc8 0-1

[Event "BEL-ch U14"]
[Site "Blankenberge"]
[Date "2014.04.16"]
[Round "5"]
[White "Dellaert, Sander"]
[Black "Vandeputte, Samuel"]
[Result "0-1"]
[WhiteElo "1616"]
[BlackElo "1407"]
[PlyCount "68"]
[EventDate "2014.04.??"]
[EventType "swiss"]
[EventRounds "9"]
[EventCountry "BEL"]
[SourceTitle "EXT 2015"]
[Source "ChessBase"]
[SourceDate "2014.11.20"]
[SourceVersion "1"]
[SourceVersionDate "2014.11.20"]
[SourceQuality "1"]

1. e4 c5 2. Nf3 d6 3. d4 cxd4 4. Nxd4 Nf6 5. Nc3 g6 6. Be3 Bg7 7. f3 Nc6 8. Qd2 Bd7 9. g4 Rc8 10. h4 h5 11. g5 Nh7 12. Be2 Nf8 13. f4 Ne6 14. Nxc6 Bxc6 15. Rf1 0-0 16. Bd3 Bxc3 17. bxc3 Nc5 18. Bxc5 dxc5 19. f5 c4 20. Bxc4 Qxd2+ 21. Kxd2 Bxe4 22. Bd3 gxf5 23. Bxe4 fxe4 24. Rab1 e3+ 25. Kxe3 Rxc3+ 26. Kd2 Rfc8 27. Rb2 b6 28. Rg1 Rh3 29. Rb4 Rh2+ 30. Kd3 Rhxc2 31. g6 R8c3+ 32. Kd4 Rf3 33. Ke4 Rcf2 34. gxf7+ Kxf7 0-1

[Event "BEL-ch U14"]
[Site "Blankenberge"]
[Date "2014.04.15"]
[Round "4"]
[White "Van Dijck, Bjarne"]
[Black "Dellaert, Sander"]
[Result "0-1"]
[WhiteElo "1420"]
[BlackElo "1616"]
[PlyCount "36"]
[EventDate "2014.04.??"]
[EventType "swiss"]
[EventRounds "9"]
[EventCountry "BEL"]
[SourceTitle "EXT 2015"]
[Source "ChessBase"]
[SourceDate "2014.11.20"]
[SourceVersion "1"]
[SourceVersionDate "2014.11.20"]
[SourceQuality "1"]

1. e4 c5 2. Nc3 d6 3. g3 Nf6 4. Bg2 g6 5. d3 Bg7 6. Nge2 0-0 7. 0-0 a6 8. f4 Qb6 9. Kh1 Nc6 10. Nd5 Nxd5 11. exd5 Nd4 12. c3 Nxe2 13. Qxe2 Re8 14. g4 f5 15. gxf5 Bxf5 16. Be4 e6 17. dxe6 Bxe6 18. Bd5 Bxd5+ 0-1

[Event "BEL-ch U14"]
[Site "Blankenberge"]
[Date "2014.04.13"]
[Round "1"]
[White "Dellaert, Sander"]
[Black "Condes Alexie, Sheen"]
[Result "1-0"]
[WhiteElo "1616"]
[BlackElo "990"]
[PlyCount "37"]
[EventDate "2014.04.??"]
[EventType "swiss"]
[EventRounds "9"]
[EventCountry "BEL"]
[SourceTitle "EXT 2015"]
[Source "ChessBase"]
[SourceDate "2014.11.20"]
[SourceVersion "1"]
[SourceVersionDate "2014.11.20"]
[SourceQuality "1"]

1. e4 e5 2. Nf3 Nc6 3. d4 exd4 4. Nxd4 Bc5 5. Be3 Qf6 6. c3 Nge7 7. Be2 h6 8. 0-0 d6 9. Nb5 Kd8 10. Bxc5 Ne5 11. Bd4 c5 12. Bxc5 Kd7 13. Bxd6 Kc6 14. Bxe7 Qxe7 15. Qd5+ Kb6 16. a4 Rd8 17. a5+ Ka6 18. Nd6+ b5 19. Bxb5# 1-0